=LDR 00000nam 2200000 4500 =001 INLIS000000000809829 =008 ###################################ind## =035 ##$$a 0010-0825000322 =245 ##$$a Mengenal Organisasi Pelestarian Lingkungan / $c Eni Anjayani =260 ##$$b Cempaka Putih =020 ##$$a 9796623013 =084 ##$$a 372.3 ANI m =520 ##$$a Sains, teknologi, kesehatan =082 ##$$a 372.3